000
00391nam a2200133Ia 4500
008
100122s9999 xx 000 0 und d
082
_b
7249
_a
610
100
_a
कुंटे मोरेश्वर गणेश
245
_a
वैद्य दर्पण
300
_a
504
630
_a
वैद्य दर्पण
730
_a
वैद्य दर्पण
942
_c
BOOK
999
_c
399960
_d
399957